000
00287nam a22001217a 4500
008
260506b |||||||| |||| 00| 0 eng d
082
_a
001815
100
_a
Srinidhi K P
245
_a
Gita
260
_a
Bangalore
_b
Swami Vivekananda Yoga Prakashana
_c
2019
300
_a
198p
942
_2
ddc
999
_c
1448
_d
1448